000 00348nam a2200157Ia 4500
003 0STCL
008 150530s9999 xx 000 0 und d
040 _aSTCL
_cSTCL
100 _aRapaport, S.T.
245 4 _aThe bear
260 _bChatto and Windus
_c1947
546 _aEnglish
942 _2ddc
_cBK
999 _c45438
_d45438
005 20220125170650.0